La increíble máquina humana [dvd]
Guardado en:
| Formato: | Libro |
|---|---|
| Publicado: |
Buenos Aires :
Canal Encuentro, s/f.
|
| Materias: | |
| Etiquetas: |
Agregar Etiqueta
Sin Etiquetas, Sea el primero en etiquetar este registro!
|
| LEADER | 00520nam a22001815a 4500 | ||
|---|---|---|---|
| 001 | CEM.cems018060 | ||
| 005 | 20130909110447.0 | ||
| 008 | 130507b######################000#0#####d | ||
| 003 | CEMS | ||
| 082 | 0 | 4 | |a DVD611 |
| 245 | 0 | 0 | |a La increíble máquina humana [dvd] |
| 260 | |a Buenos Aires : |b Canal Encuentro, s/f. | ||
| 300 | |a 1 DVD | ||
| 500 | |a Emitido por Canal Encuentro | ||
| 653 | |a Anatomía | ||
| 653 | |a Anatomía humana | ||
| 653 | |a Fisiología humana | ||
| 859 | |a CEMS |b BIB. CEMS - Agricultura |h DVD611 |i Ar37-1 |p A0039.013 |t Ej.1 | ||
